Declaración conjunta

Na minha lista:
Detalhes bibliográficos
Formato: Texto
Assuntos:
Tags: Adicionar Tag
Sem tags, seja o primeiro a adicionar uma tag!

MARC

LEADER 00000 a a2200000 04500
001 2548
003
040
245 |a Declaración conjunta  
650 |a DOCUMENTOS OFICIALES  
650 |a ACUERDOS INTERNACIONALES  
650 |a POLITICA  
650 |a COOPERACION INTERNACIONAL  
650 |a COMERCIO INTERNACIONAL  
773 |g número 54; páginas 138-153  
999 |c 29810  |d 29810